[Event "Medellin Sub zt 2.3.2"]
[Site "Medellin"]
[Date "2025.04.19"]
[Round "9"]
[White "Florez Salazar, Luis Angel"]
[Black "Narvaez Melo, Zamir Alexis"]
[Result "1/2-1/2"]
[WhiteElo "2203"]
[BlackElo "2095"]
[PlyCount "60"]
[EventDate "2025.04.14"]
[EventType "swiss"]
[EventRounds "9"]
[EventCountry "COL"]
[SourceTitle "CB18_2025"]
[SourceDate "2025.04.30"]
[SourceVersion "1"]
[SourceVersionDate "2025.04.30"]
[SourceQuality "1"]

1. d4 Nf6 2. Nf3 g6 3. g3 Bg7 4. Bg2 0-0 5. 0-0 d6 6. Re1 Nbd7 7. e4 e5 8. dxe5 Nxe5 9. Nxe5 dxe5 10. Nc3 Qxd1 11. Rxd1 c6 12. Be3 Be6 13. h3 b6 14. b3 Rfd8 15. Kf1 Kf8 16. Ke2 Ke7 17. Rxd8 Rxd8 18. Rd1 Rxd1 19. Nxd1 Nd7 20. Nb2 Ke8 21. h4 h5 22. Kd2 Bf8 23. Bf1 Bc5 24. Bc4 Ke7 25. Bxe6 Bxe3+ 26. Kxe3 Kxe6 27. Nd3 c5 28. c4 f6 29. Ne1 Nb8 30. Nc2 Nc6 1/2-1/2

[Event "Medellin Raza Antioquia"]
[Site "Medellin"]
[Date "2024.10.12"]
[Round "5"]
[White "Narvaez Melo, Zamir Alexis"]
[Black "Cordoba Roa, Angel Gabriel"]
[Result "0-1"]
[WhiteElo "2080"]
[BlackElo "2332"]
[PlyCount "74"]
[EventDate "2024.10.10"]
[EventType "swiss"]
[EventRounds "9"]
[EventCountry "COL"]
[SourceTitle "CB43_2024"]
[Source "Chessbase"]
[SourceDate "2024.10.23"]
[SourceVersion "1"]
[SourceVersionDate "2024.10.23"]
[SourceQuality "1"]

1. c4 e6 2. g3 d5 3. Bg2 Nf6 4. Nf3 dxc4 5. Na3 a6 6. Nxc4 b5 7. Nce5 Ra7 8. 0-0 Bd6 9. a4 c6 10. b3 0-0 11. Ba3 Bxa3 12. Rxa3 Qd6 13. Qa1 Rc7 14. Rc1 Bb7 15. Ra2 c5 16. Rac2 Nbd7 17. d4 Rfc8 18. dxc5 Rxc5 19. Rxc5 Rxc5 20. Rxc5 Qxc5 21. Nxd7 Nxd7 22. axb5 axb5 23. Qd1 Nf8 24. Qd4 Qc2 25. Nd2 Qd1+ 26. Bf1 h6 27. b4 Ng6 28. Nf3 Qc1 29. Ne5 Bd5 30. Nxg6 fxg6 31. f3 Qe1 32. Qb6 Qxb4 33. Kf2 Bc4 34. Bh3 Qb3 35. Qd8+ Kh7 36. Qd4 Qc2 37. Qe5 b4 0-1

[Event "Medellin Raza Antioquia"]
[Site "Medellin"]
[Date "2024.10.10"]
[Round "1"]
[White "Gonzalez Zapata, Julian David"]
[Black "Narvaez Melo, Zamir Alexis"]
[Result "0-1"]
[WhiteElo "1905"]
[BlackElo "2080"]
[PlyCount "58"]
[EventDate "2024.10.10"]
[EventType "swiss"]
[EventRounds "9"]
[EventCountry "COL"]
[SourceTitle "CB43_2024"]
[Source "Chessbase"]
[SourceDate "2024.10.23"]
[SourceVersion "1"]
[SourceVersionDate "2024.10.23"]
[SourceQuality "1"]

1. e4 c5 2. Nf3 g6 3. d4 cxd4 4. Nxd4 Nc6 5. Be3 Bg7 6. Nc3 Nf6 7. Bc4 0-0 8. Bb3 d5 9. exd5 Na5 10. h3 Nxb3 11. Nxb3 b5 12. d6 b4 13. Nb5 Bb7 14. 0-0 Nd5 15. dxe7 Qxe7 16. Bc5 Qg5 17. Qg4 Qxg4 18. hxg4 Rfd8 19. Bd4 Ba6 20. a4 bxa3 21. c4 Bxb5 22. cxb5 Bxd4 23. Nxd4 axb2 24. Ra3 Nf4 25. Nc6 Ne2+ 26. Kh2 Nc1 27. Rc3 b1Q 28. Rfxc1 Qxb5 29. Nxd8 Rxd8 0-1

[Event "American Continental 18th"]
[Site "Medellin"]
[Date "2024.06.02"]
[Round "11"]
[White "Narvaez Melo, Zamir Alexis"]
[Black "Valdes Romero, Leonardo"]
[Result "1-0"]
[WhiteElo "2049"]
[BlackElo "2369"]
[PlyCount "91"]
[EventDate "2024.05.24"]
[EventType "swiss"]
[EventRounds "11"]
[EventCountry "COL"]
[SourceTitle "CBM 220 Extra"]
[Source "ChessBase"]
[SourceDate "2024.07.31"]
[SourceVersion "1"]
[SourceVersionDate "2024.07.31"]
[SourceQuality "1"]

1. e4 d6 2. d4 Nf6 3. Bd3 g6 4. Nf3 Bg7 5. 0-0 0-0 6. c3 Nc6 7. Re1 e5 8. h3 Bd7 9. Nbd2 Nh5 10. d5 Ne7 11. c4 f5 12. Bf1 Nf6 13. c5 h6 14. Qb3 Bc8 15. Nxe5 dxe5 16. d6+ Kh8 17. dxe7 Qxe7 18. exf5 gxf5 19. Nf3 Ne4 20. Bc4 Nxc5 21. Qa3 f4 22. b4 Nd7 23. Bb2 e4 24. Bd5 Nf6 25. Nh4 Qe8 26. Bxe4 Nxe4 27. Bxg7+ Kxg7 28. Qb2+ Rf6 29. Qd4 Be6 30. Rxe4 Rd8 31. Qc3 Qc6 32. Qe1 Qd5 33. Re5 Qd6 34. Qc3 Qd4 35. Qxd4 Rxd4 36. Rxe6 Rxb4 37. Re7+ Rf7 38. Nf5+ Kf6 39. Rxf7+ Kxf7 40. Nxh6+ Kg6 41. Ng4 Rb2 42. Kf1 c5 43. Ne5+ Kf5 44. Nd3 Rb5 45. Rc1 Ra5 46. Rxc5+ 1-0

[Event "American Continental 18th"]
[Site "Medellin"]
[Date "2024.05.31"]
[Round "10"]
[White "Narvaez Melo, Zamir Alexis"]
[Black "Henao Orozco, Luis Carlos"]
[Result "1-0"]
[WhiteElo "2049"]
[BlackElo "1868"]
[PlyCount "55"]
[EventDate "2024.05.24"]
[EventType "swiss"]
[EventRounds "11"]
[EventCountry "COL"]
[SourceTitle "CBM 220 Extra"]
[Source "ChessBase"]
[SourceDate "2024.07.31"]
[SourceVersion "1"]
[SourceVersionDate "2024.07.31"]
[SourceQuality "1"]

1. e4 e5 2. Nf3 Nf6 3. Nxe5 d6 4. Nf3 Nxe4 5. Nc3 Nxc3 6. dxc3 Be7 7. Be3 Nd7 8. Qd2 c6 9. 0-0-0 Qa5 10. Kb1 Nf6 11. Bd3 Be6 12. a3 Nd5 13. Bd4 Bf6 14. Rhe1 0-0-0 15. Qc1 Bxd4 16. Nxd4 Nc7 17. f4 g6 18. h3 h5 19. Nxe6 Nxe6 20. Bxg6 Nxf4 21. Bxf7 Nxg2 22. Re2 Nh4 23. Qf4 Qa6 24. Bc4 b5 25. Be6+ Kb8 26. Rxd6 Rxd6 27. Qxd6+ Ka8 28. Bd5 1-0

[Event "American Continental 18th"]
[Site "Medellin"]
[Date "2024.05.26"]
[Round "4"]
[White "Narvaez Melo, Zamir Alexis"]
[Black "Ortegon Villacorte, Linda Daniela"]
[Result "1-0"]
[WhiteElo "2049"]
[BlackElo "1888"]
[PlyCount "39"]
[EventDate "2024.05.24"]
[EventType "swiss"]
[EventRounds "11"]
[EventCountry "COL"]
[SourceTitle "CBM 220 Extra"]
[Source "ChessBase"]
[SourceDate "2024.07.31"]
[SourceVersion "1"]
[SourceVersionDate "2024.07.31"]
[SourceQuality "1"]

1. e4 e6 2. d4 d5 3. Nc3 Bb4 4. e5 c5 5. a3 Bxc3+ 6. bxc3 Ne7 7. h4 Nbc6 8. h5 Qa5 9. Bd2 Qa4 10. h6 g6 11. Nf3 c4 12. Bg5 Ng8 13. Nh2 Bd7 14. Ng4 Nce7 15. Nf6+ Kf8 16. Qf3 Be8 17. Kd2 Nc6 18. Rh4 Nxf6 19. Qxf6 Rg8 20. Rf4 1-0

[Event "COL-ch sf"]
[Site "Pereira"]
[Date "2024.03.31"]
[Round "10"]
[White "Narvaez Melo, Zamir Alexis"]
[Black "Mora Munoz, Alejandro"]
[Result "1-0"]
[WhiteElo "2032"]
[BlackElo "1990"]
[PlyCount "71"]
[EventDate "2024.03.26"]
[EventType "swiss"]
[EventRounds "11"]
[EventCountry "COL"]
[SourceTitle "CBM 219 Extra"]
[Source "ChessBase"]
[SourceDate "2024.05.31"]
[SourceVersion "1"]
[SourceVersionDate "2024.05.31"]
[SourceQuality "1"]

1. e4 c5 2. Nf3 d6 3. d4 cxd4 4. Qxd4 Nc6 5. Qe3 Nf6 6. Be2 g6 7. 0-0 Bg7 8. c4 0-0 9. Nc3 Be6 10. Rb1 a5 11. b3 Nd7 12. Bb2 Qb6 13. Qd2 Nc5 14. h3 Qc7 15. Rfd1 Rfc8 16. Qe3 Qb8 17. Nd5 Bxb2 18. Rxb2 Bxd5 19. exd5 Ne5 20. Nd4 Re8 21. a3 Qc7 22. Nb5 Qb6 23. b4 axb4 24. axb4 Na4 25. Qxb6 Nxb6 26. Nc7 Nbxc4 27. Rc2 b5 28. Nxe8 Rxe8 29. Ra2 e6 30. f4 Nd7 31. dxe6 Rxe6 32. Bg4 f5 33. Bf3 Ndb6 34. Bc6 Kg7 35. Bxb5 Re7 36. Kf2 1-0

[Event "Manizales Feria op 29th"]
[Site "Manizales"]
[Date "2024.01.07"]
[Round "4"]
[White "Narvaez Melo, Zamir Alexis"]
[Black "Loaiza Carranza, Pablo Eli"]
[Result "1-0"]
[WhiteElo "2037"]
[BlackElo "1813"]
[PlyCount "42"]
[EventDate "2024.01.05"]
[EventType "swiss"]
[EventRounds "7"]
[EventCountry "COL"]
[SourceTitle "CBM 218 Extra"]
[Source "ChessBase"]
[SourceDate "2024.03.31"]
[SourceVersion "1"]
[SourceVersionDate "2024.03.31"]
[SourceQuality "1"]

1. e4 e5 2. Nf3 Nf6 3. Nxe5 d6 4. Nf3 Nxe4 5. Nc3 Nxc3 6. dxc3 Bf5 7. Qd5 Qe7+ 8. Be3 Be4 9. Qd2 Nc6 10. 0-0-0 0-0-0 11. Ng5 h6 12. Nxe4 Qxe4 13. Bb5 a6 14. f3 Qf5 15. Bxc6 bxc6 16. Rhe1 Be7 17. Qd4 Bf6 18. Qc4 Be5 19. Qxc6 Bxh2 20. Rd5 Qg6 21. Bb6 Be5 1-0

[Event "Soacha Ventura op"]
[Site "Soacha"]
[Date "2023.12.11"]
[Round "8"]
[White "Leon Morales, Gustavo"]
[Black "Narvaez Melo, Zamir Alexis"]
[Result "0-1"]
[WhiteElo "1809"]
[BlackElo "2012"]
[PlyCount "54"]
[EventDate "2023.12.08"]
[EventType "swiss"]
[EventRounds "10"]
[EventCountry "COL"]
[SourceTitle "EXT 2025"]
[Source "ChessBase"]
[SourceDate "2024.10.14"]
[SourceVersion "1"]
[SourceVersionDate "2024.10.14"]
[SourceQuality "1"]

1. d4 g6 2. Nc3 Bg7 3. Nf3 c6 4. Bf4 d6 5. h3 b5 6. e4 b4 7. Nb1 Nf6 8. Bd3 0-0 9. a3 Na6 10. Qe2 Qb6 11. Nbd2 bxa3 12. Rxa3 Qxb2 13. Rxa6 Bxa6 14. 0-0 Bxd3 15. Qxd3 a5 16. Rb1 Qa2 17. c4 e5 18. Nb3 exf4 19. Ra1 Qb2 20. Ne1 a4 21. Rb1 Qxb1 22. Qxb1 Rfb8 23. e5 axb3 24. Nd3 dxe5 25. Qb2 Nd7 26. Qd2 Ra2 27. Qd1 e4 0-1

[Event "Medellin Flores op 30th"]
[Site "Medellin"]
[Date "2023.08.06"]
[Round "6"]
[White "Rueda Rojas, Richard Alejandro"]
[Black "Narvaez Melo, Zamir Alexis"]
[Result "1/2-1/2"]
[WhiteElo "1796"]
[BlackElo "2124"]
[PlyCount "78"]
[EventDate "2023.08.03"]
[EventType "swiss"]
[EventRounds "9"]
[EventCountry "COL"]
[SourceTitle "CBM 215 Extra"]
[Source "ChessBase"]
[SourceDate "2023.09.30"]
[SourceVersion "1"]
[SourceVersionDate "2023.09.30"]
[SourceQuality "1"]

1. Nf3 c5 2. g3 Nc6 3. Bg2 g6 4. 0-0 Bg7 5. c4 e5 6. Nc3 Nge7 7. b3 0-0 8. e4 d6 9. Bb2 f5 10. h3 Nd4 11. Kh2 Kh8 12. d3 Nec6 13. Nxd4 Nxd4 14. Nd5 Be6 15. Bxd4 Bxd5 16. Bxc5 Bxc4 17. dxc4 dxc5 18. exf5 gxf5 19. Bxb7 Rb8 20. Qxd8 Rfxd8 21. Rad1 Rd4 22. Bd5 Rd8 23. Kg2 e4 24. Rfe1 Bh6 25. g4 fxg4 26. hxg4 e3 27. fxe3 Bxe3 28. Kf3 Re8 29. Rxd4 cxd4 30. Be4 Rf8+ 31. Bf5 Re8 32. Rh1 h6 33. Rh2 Kg7 34. c5 d3 35. Bxd3 Bxc5 36. Re2 Rxe2 37. Bxe2 Kf6 38. Ke4 Ke6 39. Bc4+ Kd6 1/2-1/2

[Event "COL-ch"]
[Site "Palmira"]
[Date "2017.05.17"]
[Round "4"]
[White "Narvaez Melo, Zamir Alexis"]
[Black "Panesso Rivera, Henry"]
[Result "1/2-1/2"]
[WhiteElo "2135"]
[BlackElo "2417"]
[PlyCount "65"]
[EventDate "2017.05.15"]
[EventType "swiss"]
[EventRounds "10"]
[EventCountry "COL"]
[SourceTitle "CBM 178 Extra"]
[Source "ChessBase"]
[SourceDate "2017.06.22"]
[SourceVersion "1"]
[SourceVersionDate "2017.06.22"]
[SourceQuality "1"]

1. c4 f5 2. g3 Nf6 3. Bg2 g6 4. Nc3 Bg7 5. d3 0-0 6. e4 d6 7. Nge2 c5 8. h3 Nc6 9. 0-0 fxe4 10. dxe4 e5 11. Bg5 Be6 12. Nd5 Qd7 13. Kh2 Nh5 14. Be3 Rab8 15. Nec3 b6 16. Nb5 Nd4 17. Nbc7 Bxd5 18. Nxd5 Nf6 19. Nc3 a6 20. a4 Ne8 21. h4 Qf7 22. b3 Nc7 23. Bh3 Nce6 24. Bxe6 Qxe6 25. f3 Rf7 26. Kg2 Qd7 27. Ra2 h5 28. Nd5 Nc6 29. Rd2 Qb7 30. Nc3 Nd4 31. Ra2 Rbf8 32. Bxd4 exd4 33. Nd5 1/2-1/2

[Event "COL-ch"]
[Site "Palmira"]
[Date "2017.05.16"]
[Round "2"]
[White "Narvaez Melo, Zamir Alexis"]
[Black "Ruiz Castillo, Joshua Daniel"]
[Result "1/2-1/2"]
[WhiteElo "2135"]
[BlackElo "2350"]
[PlyCount "70"]
[EventDate "2017.05.15"]
[EventType "swiss"]
[EventRounds "10"]
[EventCountry "COL"]
[SourceTitle "CBM 178 Extra"]
[Source "ChessBase"]
[SourceDate "2017.06.22"]
[SourceVersion "1"]
[SourceVersionDate "2017.06.22"]
[SourceQuality "1"]

1. c4 c5 2. g3 Nc6 3. Bg2 g6 4. Nc3 Bg7 5. Nf3 e6 6. d3 Nge7 7. Bg5 h6 8. Bd2 0-0 9. a3 d6 10. Rb1 b6 11. Qc1 Kh7 12. b4 Bb7 13. b5 Na5 14. Na4 Qc7 15. 0-0 Rab8 16. Bxa5 bxa5 17. Qd2 a6 18. b6 Qd7 19. Qxa5 Nc6 20. Qd2 Nd4 21. Nxd4 Qxa4 22. Qc2 Qa5 23. Bxb7 Bxd4 24. Bf3 Rxb6 25. Rxb6 Qxb6 26. Rb1 Qa5 27. Qb3 Kg8 28. h4 h5 29. Kg2 Be5 30. e3 Kg7 31. Be4 Re8 32. Bf3 Rh8 33. Be4 Rf8 34. Bf3 Rh8 35. Be4 Rf8 1/2-1/2

[Event "Cali Region-ch"]
[Site "Cali"]
[Date "2017.05.01"]
[Round "6"]
[White "Martinez, Cristian Camilo"]
[Black "Narvaez Melo, Zamir Alexis"]
[Result "1-0"]
[WhiteElo "1947"]
[BlackElo "2135"]
[PlyCount "44"]
[EventDate "2017.04.28"]
[EventType "swiss"]
[EventRounds "7"]
[EventCountry "COL"]
[SourceTitle "CBM 178 Extra"]
[Source "ChessBase"]
[SourceDate "2017.06.22"]
[SourceVersion "1"]
[SourceVersionDate "2017.06.22"]
[SourceQuality "1"]

1. e4 c5 2. Nf3 e6 3. d4 cxd4 4. Nxd4 Nc6 5. Nc3 Qc7 6. Be2 a6 7. a3 Nf6 8. 0-0 Bd6 9. g3 Nxd4 10. Qxd4 Be5 11. Qd3 b5 12. Bd2 Bb7 13. Bf3 h5 14. Rab1 Rc8 15. h3 h4 16. g4 Bf4 17. Rfe1 0-0 18. Bg2 d5 19. exd5 Nxd5 20. Nxd5 Bxd5 21. Bxd5 exd5 22. Bxf4 Qxf4 1-0

[Event "Cali Region-ch"]
[Site "Cali"]
[Date "2017.04.30"]
[Round "5"]
[White "Narvaez Melo, Zamir Alexis"]
[Black "Quinonez Garcia, Santiago"]
[Result "0-1"]
[WhiteElo "2135"]
[BlackElo "2296"]
[PlyCount "96"]
[EventDate "2017.04.28"]
[EventType "swiss"]
[EventRounds "7"]
[EventCountry "COL"]
[SourceTitle "CBM 178 Extra"]
[Source "ChessBase"]
[SourceDate "2017.06.22"]
[SourceVersion "1"]
[SourceVersionDate "2017.06.22"]
[SourceQuality "1"]

1. Nf3 c5 2. g3 Nc6 3. Bg2 d6 4. 0-0 g6 5. c4 Bg7 6. Nc3 e6 7. d3 Nge7 8. Bd2 h6 9. a3 a5 10. Rb1 0-0 11. Ne1 Nf5 12. b3 Kh7 13. Nc2 Nfd4 14. Nxd4 cxd4 15. Na4 Bd7 16. b4 axb4 17. axb4 Ne7 18. b5 Rb8 19. c5 dxc5 20. Nxc5 Bc8 21. Qb3 Nd5 22. Bxd5 exd5 23. Bf4 Ra8 24. Ra1 Rxa1 25. Rxa1 g5 26. Bc1 Re8 27. Ra2 b6 28. Na6 Bg4 29. Qd1 Qe7 30. Kf1 Qd7 31. Rc2 Be5 32. Rc6 Bd6 33. f3 Bxf3 34. exf3 Qh3+ 35. Kg1 Bxg3 36. hxg3 Qxg3+ 37. Kf1 Qh2 38. Qd2 Qh1+ 39. Kf2 Re3 40. Qxe3 dxe3+ 41. Bxe3 d4 42. Bc1 Qh2+ 43. Kf1 Qg3 44. Rxb6 Qxf3+ 45. Ke1 Qxd3 46. Bd2 g4 47. Rxh6+ Kg7 48. Nc7 Qg3+ 0-1

[Event "COL-ch Universities"]
[Site "Bogota"]
[Date "2015.10.05"]
[Round "2"]
[White "Florez Salazar, Luis Angel"]
[Black "Narvaez Melo, Zamir Alexis"]
[Result "1/2-1/2"]
[WhiteElo "2039"]
[BlackElo "2174"]
[PlyCount "114"]
[EventDate "2015.10.05"]
[EventType "swiss"]
[EventRounds "6"]
[EventCountry "COL"]
[SourceTitle "CBM 168 Extra"]
[Source "ChessBase"]
[SourceDate "2015.10.29"]
[SourceVersion "1"]
[SourceVersionDate "2015.10.29"]
[SourceQuality "1"]

1. e4 c5 2. Nf3 e6 3. d4 cxd4 4. Nxd4 Nc6 5. Nb5 d6 6. Bf4 e5 7. Be3 a6 8. N5c3 Nf6 9. Bc4 Bg4 10. f3 Be6 11. Bd5 Nxd5 12. Nxd5 Bxd5 13. exd5 Ne7 14. 0-0 Rc8 15. Qd3 Qc7 16. Nc3 Qc4 17. Rfd1 f5 18. a4 g6 19. Ra3 Bg7 20. Rb3 Qxd3 21. Rxd3 Rc7 22. Bb6 Rd7 23. Nb1 Kf7 24. Nd2 Rc8 25. c4 Bh6 26. Rbc3 Re8 27. Be3 Bxe3+ 28. Rxe3 b5 29. axb5 axb5 30. Rcd3 Rc8 31. b3 b4 32. Re1 Ra7 33. Kf1 Rc5 34. Ke2 Ng8 35. Nf1 Nf6 36. Ne3 e4 37. Rdd1 f4 38. Nc2 Ra2 39. Kd2 exf3 40. gxf3 Nxd5 41. Ra1 Rxa1 42. Rxa1 Ne3 43. Nxe3 fxe3+ 44. Kxe3 Re5+ 45. Kd4 Re2 46. Ra7+ Ke6 47. Rxh7 Rd2+ 48. Ke4 Re2+ 49. Kf4 Rb2 50. Rg7 Kf6 51. Rd7 Ke6 52. Rg7 Rxh2 53. Rxg6+ Kd7 54. Ke4 Rb2 55. Kd5 Rd2+ 56. Ke4 Rb2 57. Kd5 Rd2+ 1/2-1/2

[Event "COL-ch Universities"]
[Site "Bogota"]
[Date "2015.10.05"]
[Round "1"]
[White "Narvaez Melo, Zamir Alexis"]
[Black "Leano Amezquita, Humberto"]
[Result "1-0"]
[WhiteElo "2174"]
[BlackElo "1899"]
[PlyCount "85"]
[EventDate "2015.10.05"]
[EventType "swiss"]
[EventRounds "6"]
[EventCountry "COL"]
[SourceTitle "CBM 168 Extra"]
[Source "ChessBase"]
[SourceDate "2015.10.29"]
[SourceVersion "1"]
[SourceVersionDate "2015.10.29"]
[SourceQuality "1"]

1. e4 g6 2. d4 Bg7 3. Nc3 d6 4. h3 Nf6 5. Nf3 0-0 6. Be2 Nc6 7. d5 Nb8 8. Bg5 h6 9. Be3 e5 10. Qd2 Kh7 11. g4 Ne8 12. g5 h5 13. Nh4 a5 14. Qd1 Rh8 15. Bd3 Na6 16. Bb5 Qe7 17. Qf3 Nb4 18. 0-0-0 c6 19. Bd3 Nc7 20. Rhg1 Re8 21. Nf5 Nxd3+ 22. cxd3 Qf8 23. Bb6 Nb5 24. Nxb5 cxb5 25. Bc7 Ra6 26. Kb1 Bd7 27. Rc1 Rc8 28. Ne3 Qe7 29. Rc2 Bxh3 30. Bxd6 Qxd6 31. Qxh3 Rxc2 32. Nxc2 Ra8 33. Na3 Qb6 34. Qe3 Qxe3 35. fxe3 b4 36. Nc4 b5 37. Nd6 Kg8 38. Nxb5 Bf8 39. d4 Rb8 40. Na7 Bd6 41. Nc6 Ra8 42. dxe5 Bc5 43. Rg3 1-0

[Event "COL-ch U26"]
[Site "Cali"]
[Date "2014.10.20"]
[Round "4"]
[White "Narvaez Melo, Zamir Alexis"]
[Black "Hernandez Montes, Jhon Sebastian"]
[Result "0-1"]
[WhiteElo "2174"]
[BlackElo "1975"]
[PlyCount "86"]
[EventDate "2014.10.19"]
[EventType "swiss"]
[EventRounds "6"]
[EventCountry "COL"]
[SourceTitle "EXT 2015"]
[Source "ChessBase"]
[SourceDate "2014.11.20"]
[SourceVersion "1"]
[SourceVersionDate "2014.11.20"]
[SourceQuality "1"]

1. e4 g6 2. d4 Bg7 3. Nc3 d6 4. h3 Nf6 5. Nf3 0-0 6. Be2 c5 7. d5 Na6 8. 0-0 Nc7 9. Re1 a6 10. a4 Rb8 11. Bf1 Nd7 12. a5 b5 13. axb6 Rxb6 14. Na4 Rb8 15. Nd2 Nb5 16. Nc4 Ne5 17. Ne3 Bb7 18. Bd2 e6 19. f4 Nd7 20. Bc4 Kh8 21. dxe6 fxe6 22. Bxe6 Bxe4 23. Nd5 Bxd5 24. Bxd5 Nf6 25. Be6 Nd4 26. Bc4 Qc8 27. c3 Nf5 28. Qe2 Qc6 29. Be6 Rfe8 30. Qf3 d5 31. Bxf5 Rxe1+ 32. Bxe1 gxf5 33. Qe3 Ne4 34. Bf2 d4 35. Qf3 Qb5 36. g4 Nd2 37. Qd5 fxg4 38. hxg4 Qe2 39. Nxc5 dxc3 40. bxc3 Qxg4+ 41. Qg2 Nf3+ 42. Kf1 Qh5 43. Ne6 Qb5+ 0-1

[Event "Bogota Students-ch 22th"]
[Site "Bogota"]
[Date "2013.11.05"]
[Round "5"]
[White "Corredor Sanchez, Fabian Ricardo"]
[Black "Narvaez Melo, Zamir Alexis"]
[Result "1-0"]
[WhiteElo "2057"]
[BlackElo "2174"]
[PlyCount "51"]
[EventDate "2013.11.03"]
[EventType "swiss"]
[EventRounds "6"]
[EventCountry "COL"]
[SourceTitle "EXT 2014"]
[Source "ChessBase"]
[SourceDate "2013.11.20"]
[SourceVersion "1"]
[SourceVersionDate "2013.11.20"]
[SourceQuality "1"]

1. e4 c5 2. Nf3 g6 3. Bc4 Bg7 4. c3 Nc6 5. 0-0 Na5 6. Bb5 Nf6 7. e5 Nd5 8. Re1 0-0 9. d4 cxd4 10. Nxd4 Nc7 11. Bd3 Nc6 12. Bf4 Nxd4 13. cxd4 Ne6 14. Be3 d6 15. f4 Qb6 16. Qb3 Qa5 17. Na3 Bh6 18. Nc4 Qd5 19. Nb6 Qxb3 20. axb3 Rb8 21. Nd5 dxe5 22. dxe5 Rd8 23. Be4 Rxd5 24. Bxd5 Nxf4 25. Bxf4 Bxf4 26. Rxa7 1-0